Management jakosti v administrativě západní Evropy

Proces zavádzania manažmentu kvality v západnej Európe na príkladoch z Holandska, Veľkej Británie a Švédska . To sú krajiny, ktoré majú najväčšie skúsenosti s manažmentom kvality v administratíve.

Salvato in:
Dettagli Bibliografici
Autore principale: Bugdol, Marek
Natura: Capitolo di libro
Lingua:ceco
Soggetti:
Tags: Aggiungi Tag
Nessun Tag, puoi essere il primo ad aggiungerne!!

MARC

LEADER 00000naa$a2200000$$$4500
001 0001478
005 20230524133939.7
041 0 |a cze 
044 |a CZ 
245 1 0 |a Management jakosti v administrativě západní Evropy  |c Marek Bugdol 
520 |a Proces zavádzania manažmentu kvality v západnej Európe na príkladoch z Holandska, Veľkej Británie a Švédska . To sú krajiny, ktoré majú najväčšie skúsenosti s manažmentom kvality v administratíve. 
610 2 0 |a riadenie kvality 
610 2 0 |a administratíva 
610 2 0 |a Holandsko 
610 2 0 |a Veľká Británia 
610 2 0 |a Švédsko 
100 1 |a Bugdol, Marek